وہ بھی ايک زمانہ تھا (Record no. 5609)

MARC details
000 -LEADER
fixed length control field 00905nam a22002297a 4500
005 - DATE AND TIME OF LATEST TRANSACTION
control field 20081106140443.0
008 - FIXED-LENGTH DATA ELEMENTS--GENERAL INFORMATION
fixed length control field 081106t xxu||||| |||| 00| 0 ur d
010 ## - LCCN (DPL NO)
LC control number UR-7382
020 ## - INTERNATIONAL STANDARD BOOK NUMBER
International Standard Book Number 8187231882
Terms of availability 280۔00
035 ## - SYSTEM CONTROL NUMBER
System control number U-5937
037 ## - SOURCE OF ACQUISITION
Source of stock number/acquisition D.B.Act / Pub
100 ## - MAIN ENTRY--PERSONAL NAME
Personal name انيس
245 ## - TITLE STATEMENT
Title وہ بھی ايک زمانہ تھا
Statement of responsibility, etc انيس
Remainder of title فلمی شخصيا ت
246 ## - VARYING FORM OF TITLE
Title proper/short title Woh Bhi EK Zamana Tha
Remainder of title by Anees Amrohvi
260 ## - PUBLICATION, DISTRIBUTION, ETC. (IMPRINT)
Place of publication, distribution, etc دھلی
Name of publisher, distributor, etc تخليق کار پبليشرز
Date of publication, distribution, etc 2007
270 ## - ADDRESS
Address 104/B-Yawar Manzil,I Block ,Laxmi Nagar
City دھلی
Postal code 1100092
Telephone number 01165295989
Electronic mail address qissey@rediffmail.com
300 ## - PHYSICAL DESCRIPTION
Extent 318p
Dimensions 22cm (Pbk)
650 ## - SUBJECT ADDED ENTRY--TOPICAL TERM
Topical term or geographic name as entry element Film Personalities
650 ## - SUBJECT ADDED ENTRY--TOPICAL TERM
Topical term or geographic name as entry element فلمی شخصيا ت
942 ## - ADDED ENTRY ELEMENTS (KOHA)
Institution code [OBSOLETE] dpl
Item type Urdu Bks
Source of classification or shelving scheme Dewey Decimal Classification
Classification part 920
Call number suffix ا ن ی
Holdings
Withdrawn status Lost status Source of classification or shelving scheme Damaged status Not for loan Collection code Home library Current library Date acquired Cost, normal purchase price Total Checkouts Full call number Barcode Date last seen Copy number Cost, replacement price Koha item type
    Dewey Decimal Classification   Not For Loan Non-fiction D.B.Act.Division D.B.Act.Division 06/11/2008 280.00   920 ا ن ی U-5937 15/09/2008 1 280.00 Urdu Bks

© Delhi Public Library
Hit Counter
free hit counter